000 01264nam a2200241 i 4500
001 18297
003 DO-SdUEMH
005 20260106193657.0
007 ta
008 260106b1986 dr |||| |||| 10| 0 spa d
040 _aDO-SdUEMH
_bspa
_erda
041 _aspa
082 1 4 _mRD
_bE56r
245 3 0 _aEl régimen de partidos en el sistema electoral en la República Dominicana /
_cexpositores: Víctor Lidio Cedeño, José Oviedo, José del Castillo, Julio Brea Franco ; editor Frank Moya Pons
264 0 1 _aSanto Domingo, República Dominicana :
_bForum,
_c1986
300 _a174 paginas ;
_c22 cm.
336 _2rdacontent
_atexto
_btxt
337 _2rdamedia
_asin mediación
_bn
338 _2rdacarrier
_avolumen
_bnc
490 _aForum ;
_v22
505 0 _aPresentación -- Introducción / Aníbal de Castro -- Los partidos políticos en la República Dominicana / Víctor Livio Cedeño -- Debate -- El Partido Revolucionario y el Partido Reformista en la dinámica del cambio político dominicano / José Oviedo -- Debate -- Partidos y electores: cambios y constantes entre dos elecciones nacionales / José del Castillo -- Reforma electoral e ingeniería política: reflexiones en torno al caso dominicano / Julio Brea Franco -- Debate.
942 _2ddc
_n0
_cBK
999 _c18297
_d18297